[Event "Prague Summer Holiday K1"]
[Site "Prague"]
[Date "2022.07.24"]
[Round "2"]
[White "Fitzke, Ulrich"]
[Black "Hurtak, Otto"]
[Result "1-0"]
[WhiteElo "1740"]
[BlackElo "1957"]
[PlyCount "101"]
[EventDate "2022.07.24"]
[EventType "tourn"]
[EventRounds "9"]
[EventCountry "CZE"]
[SourceTitle "CBM 209 Extra"]
[Source "ChessBase"]
[SourceDate "2022.09.30"]
[SourceVersion "1"]
[SourceVersionDate "2022.09.30"]
[SourceQuality "1"]

1. d4 d5 2. c4 e6 3. Nc3 c5 4. e3 Nf6 5. Nf3 Nc6 6. cxd5 exd5 7. Be2 c4 8. 0-0 Bb4 9. Bd2 0-0 10. b3 Bxc3 11. Bxc3 Ne4 12. Qc2 b5 13. bxc4 bxc4 14. Rfb1 Bf5 15. Rb2 h6 16. Qc1 Qd6 17. Nd2 Rfe8 18. Nxe4 Bxe4 19. Qd1 Qa3 20. Qc1 Rab8 21. Rxb8 Qxc1+ 22. Rxc1 Rxb8 23. Kf1 Nb4 24. Bxb4 Rxb4 25. f3 Rb1 26. Rxb1 Bxb1 27. a3 f5 28. Ke1 Kf7 29. Kd2 Ke6 30. Kc1 Ba2 31. Bd1 c3 32. Kc2 g5 33. Kxc3 f4 34. e4 Bc4 35. Bb3 Bf1 36. Bxd5+ Kd6 37. g3 fxg3 38. hxg3 h5 39. Kd2 h4 40. gxh4 gxh4 41. Ke1 Bg2 42. Kf2 Bh3 43. Bc4 Bd7 44. Kg2 Ke7 45. e5 Bf5 46. d5 Kd7 47. Kh2 Ke7 48. Bf1 Kf7 49. Bh3 Bd3 50. Be6+ Ke7 51. Kh3 1-0

[Event "Prague Summer Holiday K1"]
[Site "Prague"]
[Date "2022.07.24"]
[Round "1"]
[White "Hosova, Sandra"]
[Black "Fitzke, Ulrich"]
[Result "0-1"]
[WhiteElo "1779"]
[BlackElo "1740"]
[PlyCount "60"]
[EventDate "2022.07.24"]
[EventType "tourn"]
[EventRounds "9"]
[EventCountry "CZE"]
[SourceTitle "CBM 209 Extra"]
[Source "ChessBase"]
[SourceDate "2022.09.30"]
[SourceVersion "1"]
[SourceVersionDate "2022.09.30"]
[SourceQuality "1"]

1. d4 d5 2. Nf3 Nd7 3. Bf4 e6 4. e3 Be7 5. Bd3 Ngf6 6. Nbd2 b6 7. Ne5 Bb7 8. Qf3 c5 9. c3 0-0 10. g4 Nxe5 11. dxe5 Nd7 12. g5 Qc7 13. Qg3 c4 14. Bc2 d4 15. Be4 dxc3 16. bxc3 Nc5 17. Bxb7 Qxb7 18. 0-0 b5 19. h4 Rfd8 20. e4 Rd3 21. Qg2 Rad8 22. f3 Rxc3 23. h5 Nd3 24. Bh2 Rc2 25. g6 c3 26. gxf7+ Kxf7 27. f4 Rxd2 28. Qf3 Bc5+ 29. Kh1 Nf2+ 30. Rxf2 Rxf2 0-1

[Event "GER-chT Betriebe 16th"]
[Site "Dresden"]
[Date "2016.11.06"]
[Round "7.3"]
[White "Gebert Vangeel, Ralf"]
[Black "Fitzke, Ulrich"]
[Result "0-1"]
[WhiteElo "2042"]
[BlackElo "1898"]
[PlyCount "112"]
[EventDate "2016.11.03"]
[EventType "team-swiss"]
[EventRounds "7"]
[EventCountry "GER"]
[SourceTitle "EXT 2020"]
[Source "ChessBase"]
[SourceDate "2019.10.17"]
[SourceVersion "1"]
[SourceVersionDate "2019.10.17"]
[SourceQuality "1"]
[WhiteTeam "Berlin Osram"]
[BlackTeam "Berlin Deutsche Bahn/BSW II"]
[WhiteTeamCountry "GER"]
[BlackTeamCountry "GER"]

1. e4 c5 2. Nf3 d6 3. c3 g6 4. d4 cxd4 5. cxd4 Bg7 6. Nc3 Nf6 7. Bb5+ Bd7 8. Bxd7+ Nfxd7 9. 0-0 0-0 10. Be3 Nc6 11. Rc1 a6 12. Qd2 Rc8 13. Ng5 Nb6 14. b3 d5 15. e5 e6 16. h3 Qd7 17. f4 h6 18. Nf3 h5 19. Ne1 Ne7 20. Nd3 Nf5 21. Bf2 Qe7 22. Nc5 Rc6 23. N3a4 Nxa4 24. Nxa4 Rfc8 25. Rxc6 Rxc6 26. Nc5 Qc7 27. b4 Bf8 28. a4 Qc8 29. Rb1 b6 30. b5 axb5 31. axb5 Rc7 32. Na4 Rc2 33. Qd1 Qc7 34. g4 hxg4 35. hxg4 Nh6 36. Be3 Rc4 37. Rc1 Bb4 38. Rxc4 Qxc4 39. f5 Bf8 40. fxe6 fxe6 41. Nxb6 Qxb5 42. Qc2 Qe8 43. g5 Nf5 44. Qc1 Qb5 45. Nc8 Qd3 46. Bf2 Nxd4 47. Qe3 Qd1+ 48. Kg2 Qg4+ 49. Kf1 Nf5 50. Qd2 Bb4 51. Qe2 Qxg5 52. Nd6 Ng3+ 53. Bxg3 Qxg3 54. Qb5 Qf4+ 55. Kg1 Bxd6 56. exd6 Qxd6 0-1

[Event "GER-chT Betriebe 16th"]
[Site "Dresden"]
[Date "2016.11.03"]
[Round "1.4"]
[White "Fitzke, Ulrich"]
[Black "Lunnebach, Oliver"]
[Result "0-1"]
[WhiteElo "1898"]
[BlackElo "2109"]
[PlyCount "94"]
[EventDate "2016.11.03"]
[EventType "team-swiss"]
[EventRounds "7"]
[EventCountry "GER"]
[SourceTitle "EXT 2020"]
[Source "ChessBase"]
[SourceDate "2019.10.17"]
[SourceVersion "1"]
[SourceVersionDate "2019.10.17"]
[SourceQuality "1"]
[WhiteTeam "Berlin Deutsche Bahn/BSW II"]
[BlackTeam "Bonn Deutsche Post"]
[WhiteTeamCountry "GER"]
[BlackTeamCountry "GER"]

1. d4 Nf6 2. c4 c6 3. Nc3 d5 4. e3 e6 5. Nf3 Bd6 6. Bd3 Nbd7 7. 0-0 0-0 8. b3 Qe7 9. Bb2 Re8 10. Rc1 dxc4 11. Bxc4 e5 12. dxe5 Nxe5 13. Be2 Ng6 14. Qc2 Bg4 15. Rfd1 Rad8 16. h3 Bxf3 17. Bxf3 Nh4 18. Qe2 Qe5 19. g3 Qg5 20. Bg2 Nxg2 21. Kxg2 h5 22. h4 Qa5 23. Rd4 Be5 24. Ra4 Qb6 25. Nd1 Ng4 26. Ba3 a6 27. Nb2 Qc7 28. Rac4 Qa5 29. Ra4 Qd2 30. Rc2 Qd5+ 31. Qf3 Qe6 32. Rac4 g6 33. Re2 Bc7 34. Rcc2 Rd5 35. Rc5 Red8 36. Rxd5 Rxd5 37. e4 Rd8 38. Nd3 Bb6 39. Nc5 Bxc5 40. Bxc5 Rd1 41. Qc3 Qd7 42. Ba3 f6 43. Bb2 Rd3 44. Qc4+ Kg7 45. f3 Ne3+ 46. Rxe3 Rxe3 47. Kf2 Qd2+ 0-1

[Event "Feffernitz op 25th"]
[Site "Feffernitz"]
[Date "2016.08.23"]
[Round "4"]
[White "Okhotnik, Vladimir"]
[Black "Fitzke, Ulrich"]
[Result "1-0"]
[WhiteElo "2437"]
[BlackElo "1921"]
[PlyCount "103"]
[EventDate "2016.08.21"]
[EventType "swiss"]
[EventRounds "9"]
[EventCountry "AUT"]
[SourceTitle "CBM 174 Extra"]
[Source "ChessBase"]
[SourceDate "2016.10.10"]
[SourceVersion "1"]
[SourceVersionDate "2016.10.10"]
[SourceQuality "1"]

1. c4 Nf6 2. Nc3 d5 3. cxd5 Nxd5 4. Nf3 g6 5. e4 Nxc3 6. dxc3 Qxd1+ 7. Kxd1 Bg7 8. Bf4 c6 9. Kc2 0-0 10. a4 Nd7 11. Bc4 a5 12. Nd2 Be5 13. Bg5 Bf6 14. Be3 Ne5 15. Be2 Ng4 16. Bb6 Ne5 17. f4 Nd7 18. Be3 e5 19. g3 exf4 20. gxf4 Be7 21. Bc4 Bc5 22. Bd4 Bxd4 23. cxd4 Nb6 24. b3 Be6 25. Kc3 Bxc4 26. bxc4 Nd7 27. Rab1 b6 28. e5 Rab8 29. Ne4 Rfd8 30. Rb2 Nf8 31. Nd6 f6 32. Rhb1 Ne6 33. Rxb6 Rxb6 34. Rxb6 Nxf4 35. Rxc6 fxe5 36. dxe5 g5 37. c5 h5 38. Kc4 g4 39. Rb6 h4 40. Ne4 Kg7 41. c6 Ne6 42. Nd6 Kg6 43. c7 Nxc7 44. Nb7+ Kf5 45. Nxd8 Kxe5 46. Rc6 Na8 47. Ne6 g3 48. hxg3 hxg3 49. Nd4 Kf4 50. Ne2+ Kf3 51. Nxg3 Kxg3 52. Kb5 1-0

[Event "Bad Woerishofen Seniors op 32nd"]
[Site "Bad Woerishofen"]
[Date "2016.03.05"]
[Round "9"]
[White "Fitzke, Ulrich"]
[Black "Born, Bernd Ludger"]
[Result "0-1"]
[WhiteElo "1909"]
[BlackElo "2105"]
[PlyCount "126"]
[EventDate "2016.02.26"]
[EventType "swiss"]
[EventRounds "9"]
[EventCountry "GER"]
[SourceTitle "EXT 2019"]
[Source "ChessBase"]
[SourceDate "2018.10.10"]
[SourceVersion "1"]
[SourceVersionDate "2018.10.10"]
[SourceQuality "1"]

1. d4 Nf6 2. c4 e6 3. Nc3 Bb4 4. Bd2 b6 5. Nf3 Bb7 6. e3 0-0 7. Bd3 Be7 8. 0-0 c5 9. Rc1 d5 10. Qe2 dxc4 11. Bxc4 Nbd7 12. Ba6 Qc8 13. Bxb7 Qxb7 14. Rfd1 Rac8 15. b3 cxd4 16. Nxd4 e5 17. Nf5 Ba3 18. Rc2 Rfd8 19. Bc1 Bf8 20. Bb2 Qb8 21. Rcd2 Nc5 22. Nb5 Rxd2 23. Qxd2 Ncd7 24. h3 a6 25. Nbd6 Rc6 26. Nc4 b5 27. Na5 Re6 28. Rc1 g6 29. Ng3 Nc5 30. Qc2 Nd5 31. Ne4 Nb4 32. Qb1 Nxe4 33. Qxe4 Nxa2 34. Nc6 Qd6 35. Ra1 Qxc6 36. Qxc6 Rxc6 37. Rxa2 Rc2 38. Kf1 Bb4 39. Rxa6 Rxb2 40. Rb6 Rxb3 41. Rxb5 e4 42. g4 Rb2 43. Re5 Kg7 44. Rxe4 Ba5 45. Re5 Bd8 46. g5 h6 47. h4 hxg5 48. hxg5 Ra2 49. Rd5 Bb6 50. Rb5 Ba5 51. Rb8 Bc7 52. Rb7 Bd8 53. Rb5 Ra5 54. Rxa5 Bxa5 55. f4 Kf8 56. Kf2 Ke7 57. Kf3 Ke6 58. e4 Bd2 59. Kg4 Bc1 60. Kf3 Kd6 61. Kg4 Kc5 62. f5 Kd4 63. fxg6 fxg6 0-1

[Event "Bad Woerishofen Seniors op 32nd"]
[Site "Bad Woerishofen"]
[Date "2016.03.03"]
[Round "7"]
[White "Fitzke, Ulrich"]
[Black "Klempt, Guenter"]
[Result "1/2-1/2"]
[WhiteElo "1909"]
[BlackElo "2039"]
[PlyCount "36"]
[EventDate "2016.02.26"]
[EventType "swiss"]
[EventRounds "9"]
[EventCountry "GER"]
[SourceTitle "EXT 2019"]
[Source "ChessBase"]
[SourceDate "2018.10.10"]
[SourceVersion "1"]
[SourceVersionDate "2018.10.10"]
[SourceQuality "1"]

1. d4 Nf6 2. c4 g6 3. Nc3 Bg7 4. Nf3 0-0 5. e4 d6 6. Bd3 c5 7. d5 Na6 8. 0-0 Nc7 9. h3 Rb8 10. Rb1 Bd7 11. Re1 b5 12. b3 bxc4 13. bxc4 Na6 14. Rxb8 Qxb8 15. e5 dxe5 16. Nxe5 Qd6 17. Bf4 Qb6 18. Qb1 Nb4 1/2-1/2

[Event "Berlin-ch Seniors op 32nd"]
[Site "Berlin"]
[Date "2016.02.03"]
[Round "8"]
[White "Fitzke, Ulrich"]
[Black "Cichon, Joerg"]
[Result "0-1"]
[WhiteElo "1909"]
[BlackElo "1784"]
[PlyCount "101"]
[EventDate "2016.01.26"]
[EventType "swiss"]
[EventRounds "9"]
[EventCountry "GER"]
[SourceTitle "EXT 2019"]
[Source "ChessBase"]
[SourceDate "2018.10.10"]
[SourceVersion "1"]
[SourceVersionDate "2018.10.10"]
[SourceQuality "1"]

1. d4 Nf6 2. c4 g6 3. Nc3 Bg7 4. Nf3 0-0 5. e3 d6 6. Bd3 Re8 7. 0-0 e5 8. dxe5 dxe5 9. e4 c6 10. Be3 h6 11. h3 Qc7 12. c5 Nbd7 13. Qc2 Nf8 14. Qc1 Kh7 15. Bc4 Be6 16. Nd2 N6d7 17. b4 f5 18. Bxe6 Nxe6 19. exf5 gxf5 20. Qc2 Rf8 21. Nc4 Kh8 22. f3 Rf6 23. Nd6 Raf8 24. Rad1 b6 25. cxb6 axb6 26. a3 Nd4 27. Bxd4 exd4 28. Ncb5 Qb8 29. Qxc6 Ne5 30. Qd5 Rxd6 31. Qxd6 Qe8 32. Nc7 Qa4 33. Ne6 Nc4 34. Nxg7 Nxd6 35. Ne6 Re8 36. Nxd4 Qxa3 37. Nc6 Qe3+ 38. Kh1 Nc4 39. Nd8 Qe7 40. Nc6 Qf6 41. b5 Na5 42. Rc1 Rc8 43. Nxa5 Rxc1 44. Rxc1 bxa5 45. Rc6 Qa1+ 46. Kh2 Qe5+ 47. Kh1 Qxb5 48. Rxh6+ Kg7 49. Re6 a4 50. Re7+ Kf6 51. Ra7 0-1

[Event "Feffernitz op 24th"]
[Site "Feffernitz"]
[Date "2015.08.20"]
[Round "6"]
[White "Fitzke, Ulrich"]
[Black "Kesik, Klaus Dieter"]
[Result "0-1"]
[WhiteElo "1924"]
[BlackElo "2181"]
[PlyCount "44"]
[EventDate "2015.08.16"]
[EventType "swiss"]
[EventRounds "9"]
[EventCountry "AUT"]
[SourceTitle "EXT 2016"]
[Source "ChessBase"]
[SourceDate "2015.10.08"]
[SourceVersion "1"]
[SourceVersionDate "2015.10.08"]
[SourceQuality "1"]

1. d4 f5 2. c4 Nf6 3. Nc3 g6 4. Nf3 Bg7 5. e3 0-0 6. Bd3 d6 7. 0-0 Qe8 8. e4 e5 9. dxe5 dxe5 10. Qc2 Nc6 11. a3 f4 12. Nd5 Qd8 13. h3 g5 14. b4 g4 15. hxg4 Bxg4 16. Be2 Bxf3 17. Bxf3 Nxd5 18. cxd5 Qh4 19. Qd1 Rf6 20. Bg4 f3 21. Be6+ Rxe6 22. dxe6 Qg4 0-1